Statistics for 2023/24 Dutch Football League Teams

Click here to take the quiz!

General Stats

  • This quiz has been taken 69 times
  • The average score is 13 of 18

Answer Stats

LeagueTeam% Correct
EredivisieAjax
100%
EredivisiePSV
98%
EredivisieFeyenoord
97%
EredivisieAZ Alkmaar
92%
EredivisieTwente
81%
EredivisieUtrecht
79%
EredivisieSparta Rotterdam
76%
EredivisieVitesse
73%
EredivisieHeerenveen
65%
EredivisieNEC Nijmegen
61%
EredivisiePEC Zwolle
60%
EredivisieVolendam
60%
EredivisieGo Ahead Eagles
58%
EredivisieAlmere City
56%
EredivisieHeracles
55%
EredivisieFortuna Sittard
53%
EredivisieExcelsior
52%
EredivisieRKC Waalwijk
52%

Score Distribution

Percentile by Number Answered

Percent of People with Each Score

Your Score History

You have not taken this quiz